La politique extérieure de la République française / (Record no. 159204)

MARC details
000 -LEADER
campo de control de longitud fija 00603nam a22001695i 4500
001 - NÚMERO DE CONTROL
campo de control 159204
003 - IDENTIFICADOR DE NÚMERO DE CONTROL
campo de control ES-MaACL
005 - FECHA Y HORA DE LA ÚLTIMA TRANSACCIÓN
campo de control 20230906211503.0
008 - DATOS DE LONGITUD FIJA--INFORMACIÓN GENERAL
campo de control de longitud fija 021025s1881 fr |||| | fre d
040 ## - FUENTE DE CATALOGACIÓN
Centro catalogador/agencia de origen CCPB | B
Lengua de catalogación spa
Centro/agencia transcriptor CCPB | B
100 1# - ENTRADA PRINCIPAL--NOMBRE DE PERSONA
Nombre de persona Maurice, Ferdinand.
9 (RLIN) 129743
245 13 - MENCIÓN DEL TÍTULO
Título La politique extérieure de la République française /
Mención de responsabilidad, etc. par Fernand Maurice.
260 ## - PUBLICACIÓN, DISTRIBUCIÓN, ETC.
Lugar de publicación, distribución, etc. Paris :
Nombre del editor, distribuidor, etc. Librairie Germer Baillière et C\pie\s,
Fecha de publicación, distribución, etc. 1881 (
Fabricante Typographie Georges Chamerot)
300 ## - DESCRIPCIÓN FÍSICA
Extensión 269 p. ;
Dimensiones 18 cm.
651 #4 - PUNTO DE ACCESO ADICIONAL DE MATERIA--NOMBRE GEOGRÁFICO
Nombre geográfico Francia-
Subdivisión general Política exterior.
9 (RLIN) 137182
852 ## - LOCALIZACIÓN
Ubicación ES-MaACL
Número de control de estantería G-8049
Nota libre -- Enc. pasta
Holdings
Estatus retirado Estado de pérdida Estado de daño No para préstamo Colección Biblioteca de origen Biblioteca actual Ubicación en estantería Fecha de adquisición Fuente de adquisición Total de préstamos Signatura topográfica completa Código de barras Visto por última vez Precio de reemplazo Tipo de ítem Koha
        Libros del s. XIX Biblioteca del Ateneo de Madrid Biblioteca del Ateneo de Madrid Sala Pecera Planta 3 17/01/2008     G-8049 1166662 23/02/2023 23/02/2023 Libro impreso antiguo